Αυτοί είναι οι Τσιγγάνοι : ιστορία-γλώσσα-λαογραφία-πολιτισμός
Αποθηκεύτηκε σε:
| Κύριος συγγραφέας: | |
|---|---|
| Μορφή: | Βιβλίο |
| Γλώσσα: | Greek |
| Δημοσίευση: |
Αθήνα :
Γαβριηλίδης,
1996.
|
| Θέματα: | |
| Ετικέτες: |
Προσθήκη ετικέτας
Δεν υπάρχουν, Καταχωρήστε ετικέτα πρώτοι!
|
MARC
| LEADER | 00000cam a2200000 i 4500 | ||
|---|---|---|---|
| 001 | 1/9698 | ||
| 008 | 970314s1996 gr | ||| |||| ||gre|| | ||
| 020 | |a 9603360066 | ||
| 035 | |l 10017582 | ||
| 040 | |a GR-MY-UA |b gre |e aacr | ||
| 041 | 0 | |a gre | |
| 082 | 7 | |a 305.891497 |2 (22) | |
| 100 | 1 | |a Έξαρχος, Γιώργης Σ., |d 1952- | |
| 245 | 1 | 0 | |a Αυτοί είναι οι Τσιγγάνοι : |b ιστορία-γλώσσα-λαογραφία-πολιτισμός / |c Γιώργης Έξαρχος. |
| 260 | |a Αθήνα : |b Γαβριηλίδης, |c 1996. | ||
| 300 | |a 298 σ. ; |c 22 εκ. | ||
| 504 | |a Περιλαμβάνει βιβλιογραφία και ευρετήρια. | ||
| 650 | 0 | 0 | |a Romanies |x Languages. |
| 650 | 0 | 0 | |a Romanies |x Social life and customs. |
| 650 | 0 | 0 | |a Romanies |x History. |
| 650 | 0 | 0 | |a Romanies |z Greece. |
| 852 | |a INST |b LESVOS |e 19970314 |h 305.891497 ΕΞΑ |p 005100011806 |q 005100011806 |t BK |y 0 | ||
| 852 | |a INST |b LESVOS |e 20030129 |h 305.891497 ΕΞΑ |p 005100024545 |q 005100024545 |t BK |y 0 | ||
| 909 | |a Λ |b 049704 | ||
| 909 | |a Λ |b 103527 | ||
| 922 | |a 1ΕΛΗ |b 200212 |c TAK/KYB |d ΕΙΡΜΟΣ | ||
| 970 | |z 1997/03 | ||